| 000 | 01735nam a2200325 4500 | ||
|---|---|---|---|
| 001 | 125 | ||
| 003 | OSt | ||
| 005 | 20250528074012.0 | ||
| 008 | 250128b |||||||g |||| 00| 1 eng d | ||
| 040 | _bpor | ||
| 041 |
_heng _apor |
||
| 082 |
_a823 _bC555b |
||
| 100 | 1 |
_aChristie, Agatha, _d1890-1976 _9268 |
|
| 240 | _aSparkling cyanide | ||
| 245 |
_aUm brinde de cianureto / _cChristie, Agatha ; Tradução de Maria Regina Daltro Ferreira |
||
| 260 |
_aRio de Janeiro _bRecord _c1987 |
||
| 300 | _a202 p. | ||
| 520 | _aNum restaurante de luxo, sete pessoas à volta de uma mesa comemoram o aniversário da deslumbrante Rosemary Barton. As luzes suaves, as flores, a orquestra, nada fazia prever o seu trágico desfecho: em plena festa, Rosemary cai fulminada entre os convidados... Diagnóstico: morte por envenenamento, Todos os fatos eram compatíveis com suicídio. Duas cartas anônimas, no entanto, revelam, quase um ano depois, que Rosemary fora vítima de um assassinato. Tem início então, numa hábil trama novelesca, um estranho jogo de hipóteses que mantém o leitor em suspense. A quem interessaria o crime? Afinal, cada um dos convidados tem sua razão - ou motivo oculto - para matar Rosemary... Como só Agatha Christie sabe fazer, o leitor é conduzido página a página com extrema engenhosidade, até o desconcertante e sensacional desfecho. | ||
| 650 | 0 |
_aLiteratura Inglesa _989 |
|
| 650 | 0 |
_aRomance Policial _911 |
|
| 650 | 0 |
_aSuspense _910 |
|
| 650 | 0 |
_aMistério _942 |
|
| 650 | 0 |
_aCrime e Investigação _913 |
|
| 650 | 0 |
_aClássicos _977 |
|
| 650 | 0 |
_aFilme _926 |
|
| 655 | 0 |
_aRomance _923 |
|
| 655 | 0 |
_aFicção _922 |
|
| 700 |
_aMaria Regina Daltro Ferreira _eTradutor _9274 |
||
| 942 |
_2ddc _n0 _cBK |
||
| 999 |
_c125 _d125 |
||